Stanovy Jednoty slovenských válečných slepcov

Bibliographic Details
Format: Book
Language:Slovak
German
Hungarian
PhysicalDescription:27, [1] s. 8°
Published: Bratislava [s.n.] 1925
Subjects:

MARC

LEADER 00000nam a2200000 a 4500
001 vtls008398579
003 SK-MaSNL
005 20260301232048.0
008 251124s1925 xo slo
015 |a SKSNBA19191938-011759 
035 |a SK01SNKBSKHR20020090796 
035 |a SKM000093259 
040 |a SNK  |b slo  |c SNK  |e AACR2 
041 1 |a slo  |a ger  |a hun 
044 |a xo 
080 |a 06  |2 1981 
080 |a 362.58  |2 1981 
245 1 0 |a Stanovy Jednoty slovenských válečných slepcov 
260 |a Bratislava  |b [s.n.]  |c 1925  |e Bratislava  |f Unia 
300 |a 27, [1] s.  |c 8° 
500 |a Tit. a text paral. v reči nem. a maď. 
500 |a Ob. tit. 
650 0 7 |a spolky  |x Jednota slovenských válečných slepcov  |x stanovy  |z Slovensko  |2 SNK  |9 625132 
650 0 7 |a vojnoví invalidi  |2 SNK  |9 108198 
655 7 |a knihy  |2 SNKPH  |9 307098 
655 7 |a stanovy  |2 SNKPH  |9 70547 
852 |a Slovenská národná knižnica v Martine  |b 10000  |h MS SD 3963/8 
958 |a OND 
958 |a RK 
958 |a TL 
999 |c 960293  |d 962223 
952 |a SNK  |b SNK  |y VYP  |7 0  |p 17A0540236  |o snkSD 3963/8 D1  |i snkF 1819/69  |8 5  |3 rekatalogizácia  |0 0  |1 0  |4 0  |d 2007-02-21  |l 0  |r 2026-02-24 10:16:57  |w 2026-02-24